Five Nights at Freddys - All Endos - Statistics

General Stats
  • This quiz has been taken 27 times
  • The average score is 7 of 12
Answer Stats
In What Game Answer % Correct
FNAF 1 Endo 01
100%
FNAF 2 Endo 02
100%
Sister Location Yenndo
79%
FNAF WORLD Adventure Endo 01
71%
FNAF WORLD Adventure Endo 02
71%
Security Breach Glamrock Endo
71%
Help Wanted Nightmare Endo
57%
FNAF WORLD Mendo
50%
FNAF WORLD Plushendo
43%
FNAF WORLD Gold Endo
36%
FNAF WORLD Mad Endo
36%
Help Wanted 2 Coded Glamrock Endo
29%
No matching quizzes found
Score Distribution
Percent of People with Each Score
Percentile by Number Answered
Your Score History
You have not taken this quiz